000 00486nam a22001697a 4500
005 20250326172045.0
008 250326b |||||||| |||| 00| 0 eng d
020 _a9798886130980
041 _aEng.
082 _a511.5 GRI
100 _aGriffin, Christopher
245 _aApplied Graph Theory: An Introduction with Graph Optimization and Algebraic Graph Theory
260 _aNew Jersey
_bWorld Scientific
_c2024
300 _a282;. P. 23 cm
650 _aGraph Theory
942 _cBK
999 _c43424
_d43424